[Event "Wch Juvenil 2013 sub-14"]
[Site "Al-Ain UAE"]
[Date "2013.12.28"]
[Round "11.46"]
[White "Cerniauskas, Markas"]
[Black "Oliveira, Tiago Lopes"]
[Result "0-1"]
[WhiteElo "1756"]
[BlackElo "1930"]
[PlyCount "110"]
[EventDate "2013.12.19"]
[EventType "swiss"]
[EventRounds "11"]
[EventCountry "UAE"]
[Source "lmi"]
[SourceDate "2013.12.19"]

1. b3 Nf6 2. Bb2 d5 3. e3 e6 4. Nf3 Be7 5. Na3 b6 6. c4 Bb7 7. Be2 a6 8. O-O
O-O 9. Rc1 c5 10. d4 Nc6 11. Nc2 Rc8 12. Nce1 Ne4 13. cxd5 exd5 14. Nd3 Nb4 15.
Nxb4 cxb4 16. Qd3 Qd6 17. Nd2 f5 18. Nxe4 dxe4 19. Qd2 b5 20. Rxc8 Rxc8 21. Rc1
Qd7 22. Rxc8+ Qxc8 23. Qc1 Qd7 24. Qf1 Bc6 25. Qa1 Qd5 26. g3 a5 27. Qc1 Kf8
28. Bd1 Bd6 29. Kg2 g5 30. Qd2 f4 31. Qe1 Qf5 32. Kg1 f3 33. Bc2 h5 34. Kh1 Qh3
35. Qg1 Bd5 36. Bc1 Kf7 37. Bd2 Kf6 38. Bc1 h4 39. g4 Ke6 40. Bb2 a4 41. Bc1 a3
42. Bd2 Bc6 43. Be1 Kd5 44. Bd2 Bd7 45. Bd1 Bxg4 46. Bc2 Bf5 47. Be1 g4 48. Bd1
Bg6 49. Bc2 Bh5 50. Bb1 g3 51. fxg3 hxg3 52. Bxg3 Bxg3 53. Qxg3 Qf1+ 54. Qg1 f2
55. Bxe4+ Kxe4 0-1

[Event "Wch Juvenil 2013 sub-14"]
[Site "Al-Ain UAE"]
[Date "2013.12.28"]
[Round "11.47"]
[White "Abbasov, Zaur Shahin"]
[Black "Mayed, Al-Rashedi"]
[Result "1-0"]
[BlackElo "1820"]
[PlyCount "65"]
[EventDate "2013.12.19"]
[EventType "swiss"]
[EventRounds "11"]
[EventCountry "UAE"]
[Source "lmi"]
[SourceDate "2013.12.19"]
[WhiteElo "1882"]

1. d4 d5 2. c4 c6 3. Nf3 e6 4. Qb3 dxc4 5. Qxc4 Nf6 6. Nc3 b5 7. Qb3 Nbd7 8.
Bg5 Bb7 9. e3 a6 10. a4 b4 11. Ne4 c5 12. Nxc5 Nxc5 13. dxc5 Bxc5 14. Be2 Qd5
15. Qxd5 Bxd5 16. O-O O-O 17. Ne5 Rfc8 18. Bxf6 gxf6 19. Nd7 Kg7 20. Rfc1 Ba7
21. Bxa6 Rxc1+ 22. Rxc1 Bxe3 23. fxe3 Rxa6 24. Nc5 Ra5 25. e4 Ba8 26. b3 Kf8
27. Rc4 Ke7 28. Nd3 Kd6 29. Rxb4 e5 30. g4 Ra7 31. Rc4 Rc7 32. Rxc7 Kxc7 33.
Nc5 1-0

[Event "Wch Juvenil 2013 sub-14"]
[Site "Al-Ain UAE"]
[Date "2013.12.28"]
[Round "11.48"]
[White "Catur, Adi Sagita"]
[Black "Bennett, Rhys"]
[Result "1-0"]
[WhiteElo "1879"]
[BlackElo "1784"]
[PlyCount "75"]
[EventDate "2013.12.19"]
[EventType "swiss"]
[EventRounds "11"]
[EventCountry "UAE"]
[Source "lmi"]
[SourceDate "2013.12.19"]

1. Nf3 d5 2. g3 Nf6 3. Bg2 c6 4. O-O Bf5 5. b3 h6 6. Bb2 Nbd7 7. c4 e6 8. d3
Be7 9. Nbd2 O-O 10. Re1 Bh7 11. a3 a5 12. h3 Rc8 13. g4 Ne8 14. Nf1 Bf6 15.
Bxf6 Nexf6 16. Ng3 Qc7 17. Qd2 Ne5 18. Nxe5 Qxe5 19. Qxa5 h5 20. gxh5 Nxh5 21.
Nxh5 Qxh5 22. cxd5 exd5 23. Qb4 Bf5 24. Kh2 Rce8 25. Qf4 Re6 26. e4 Rfe8 27. f3
Re5 28. Qg3 dxe4 29. dxe4 Bc8 30. f4 Rc5 31. Rac1 Rxc1 32. Rxc1 Rd8 33. f5 Rd2
34. Rg1 Qe2 35. f6 g6 36. Qc7 Bxh3 37. Qb8+ Kh7 38. Qf8 1-0

[Event "Wch Juvenil 2013 sub-14"]
[Site "Al-Ain UAE"]
[Date "2013.12.28"]
[Round "11.49"]
[White "Absaridze, Gigi"]
[Black "Koniahli, Malek"]
[Result "1-0"]
[WhiteElo "1726"]
[BlackElo "1875"]
[PlyCount "123"]
[EventDate "2013.12.19"]
[EventType "swiss"]
[EventRounds "11"]
[EventCountry "UAE"]
[Source "lmi"]
[SourceDate "2013.12.19"]

1. e4 c5 2. c3 g6 3. Nf3 Bg7 4. Be2 d6 5. O-O Nf6 6. d3 O-O 7. Bf4 Nh5 8. Be3
Nc6 9. Qc2 Nf6 10. h3 b6 11. Nbd2 Ba6 12. Nb3 Qc7 13. Bf4 Rac8 14. Rac1 Qb7 15.
Rfe1 Nh5 16. Bh2 Bh6 17. Rcd1 Qd7 18. Bf1 e5 19. Nc1 Bf4 20. Bxf4 Nxf4 21. Ne2
Nxe2+ 22. Bxe2 f5 23. Qd2 fxe4 24. dxe4 Bxe2 25. Qxe2 Rf6 26. Nd2 Rcf8 27. f3
Qe7 28. Nc4 Nd8 29. Ne3 R6f7 30. Qd2 Qg5 31. Ng4 Rf4 32. g3 h5 33. gxf4 Rxf4
34. Kh1 hxg4 35. fxg4 Nf7 36. Kg2 Qh4 37. Re3 Ng5 38. Qe1 Qxe1 39. Rdxe1 Kf7
40. Kg3 Ke7 41. h4 Ne6 42. Rf3 c4 43. g5 Nc5 44. Rxf4 exf4+ 45. Kg4 Nd3 46. Rf1
Nxb2 47. Rxf4 Nd3 48. Rf1 Ne5+ 49. Kg3 b5 50. Rb1 a6 51. a4 bxa4 52. Ra1 a3 53.
Rxa3 Nd3 54. Rxa6 Nc5 55. Ra7+ Ke6 56. Kf3 Nd7 57. Rxd7 Kxd7 58. Ke3 Ke7 59.
Kd4 Ke6 60. Kxc4 Ke5 61. Kd3 Kf4 62. Kd4 1-0

[Event "Wch Juvenil 2013 sub-14"]
[Site "Al-Ain UAE"]
[Date "2013.12.28"]
[Round "11.50"]
[White "Simo, Marian"]
[Black "Dolinar, Matic"]
[Result "1-0"]
[WhiteElo "1873"]
[BlackElo "1770"]
[PlyCount "35"]
[EventDate "2013.12.19"]
[EventType "swiss"]
[EventRounds "11"]
[EventCountry "UAE"]
[Source "lmi"]
[SourceDate "2013.12.19"]

1. e4 c5 2. Nf3 e6 3. d4 cxd4 4. Nxd4 Nc6 5. Nxc6 bxc6 6. Bd3 d5 7. O-O Nf6 8.
Bg5 Be7 9. Nd2 O-O 10. Kh1 a5 11. Qe2 c5 12. exd5 exd5 13. c4 d4 14. Bxf6 Bxf6
15. Qe4 g6 16. Qxa8 Qb6 17. Nb3 Bd8 18. Qxc8 1-0

[Event "Wch Juvenil 2013 sub-14"]
[Site "Al-Ain UAE"]
[Date "2013.12.28"]
[Round "11.51"]
[White "Kovalevsky, Stanislav"]
[Black "Hiebert, Kenji"]
[Result "0-1"]
[WhiteElo "1856"]
[BlackElo "1769"]
[PlyCount "58"]
[EventDate "2013.12.19"]
[EventType "swiss"]
[EventRounds "11"]
[EventCountry "UAE"]
[Source "lmi"]
[SourceDate "2013.12.19"]

1. c4 e5 2. Nc3 Nc6 3. g3 g6 4. Bg2 Bg7 5. d3 f5 6. Nd5 Nf6 7. h4 h6 8. e3 d6
9. Ne2 Be6 10. Nec3 Bf7 11. Qa4 Nd7 12. Qb5 Rb8 13. b4 e4 14. Kd2 Nce5 15. Qa5
Nb6 16. Nxb6 axb6 17. Qa4+ c6 18. Bf1 exd3 19. Bxd3 Nxd3 20. Kxd3 Bxc3 21. Kxc3
Qf6+ 22. Kc2 Qxa1 23. Rd1 Qe5 24. Bb2 Qe4+ 25. Kd2 Rg8 26. Qa7 Kd7 27. Qxb6
Qxc4 28. Ke1 Bd5 29. Rc1 Qxa2 0-1

[Event "Wch Juvenil 2013 sub-14"]
[Site "Al-Ain UAE"]
[Date "2013.12.28"]
[Round "11.52"]
[White "Markocic, Tine"]
[Black "Kolver, Chris"]
[Result "1/2-1/2"]
[WhiteElo "1853"]
[BlackElo "1737"]
[PlyCount "31"]
[EventDate "2013.12.19"]
[EventType "swiss"]
[EventRounds "11"]
[EventCountry "UAE"]
[Source "lmi"]
[SourceDate "2013.12.19"]

1. e4 c5 2. Nf3 Nc6 3. d4 cxd4 4. Nxd4 Nf6 5. Nc3 e5 6. Ndb5 d6 7. Bg5 a6 8.
Na3 b5 9. Nd5 Be7 10. Bxf6 Bxf6 11. c4 b4 12. Nc2 O-O 13. Be2 a5 14. b3 Bg5 15.
O-O Be6 16. Bf3 1/2-1/2

[Event "Wch Juvenil 2013 sub-14"]
[Site "Al-Ain UAE"]
[Date "2013.12.28"]
[Round "11.53"]
[White "Fidrilakis, Stavros"]
[Black "Graif, William"]
[Result "0-1"]
[WhiteElo "1629"]
[BlackElo "1851"]
[PlyCount "85"]
[EventDate "2013.12.19"]
[EventType "swiss"]
[EventRounds "11"]
[EventCountry "UAE"]
[Source "lmi"]
[SourceDate "2013.12.19"]

1. d4 Nf6 2. c4 Nc6 3. Nf3 e6 4. a3 d6 5. Nc3 g6 6. e4 Bg7 7. Be2 O-O 8. O-O
Re8 9. Be3 e5 10. d5 Nd4 11. Nxd4 exd4 12. Bxd4 Nxe4 13. Bxg7 Kxg7 14. Bd3 Nxc3
15. bxc3 Qf6 16. Qd2 Bd7 17. Rfe1 g5 18. Bc2 b6 19. Rxe8 Rxe8 20. Re1 Rxe1+ 21.
Qxe1 Qe5 22. Qe3 h6 23. Qd4 f6 24. h3 h5 25. Qd3 f5 26. Qd2 Qf6 27. Qd4 h4 28.
Qxf6+ Kxf6 29. Kf1 Ke5 30. f3 b5 31. Bb3 bxc4 32. Bxc4 Bc8 33. Ba2 Bb7 34. Bb1
Bxd5 35. Ke1 Kf4 36. Kf2 Bc4 37. Bc2 c5 38. Ba4 d5 39. Bc2 d4 40. cxd4 cxd4 41.
Ba4 d3 42. Bd7 Bb3 43. Ke1 0-1

[Event "Wch Juvenil 2013 sub-14"]
[Site "Al-Ain UAE"]
[Date "2013.12.28"]
[Round "11.54"]
[White "Dolinar, Jan"]
[Black "Vaitsiakhouski, Yauheni"]
[Result "0-1"]
[WhiteElo "1828"]
[BlackElo "1540"]
[PlyCount "106"]
[EventDate "2013.12.19"]
[EventType "swiss"]
[EventRounds "11"]
[EventCountry "UAE"]
[Source "lmi"]
[SourceDate "2013.12.19"]

1. e4 e6 2. d4 d5 3. e5 c5 4. c3 Qb6 5. a3 Nc6 6. Nf3 a5 7. Bd3 Bd7 8. Bc2 Rc8
9. O-O Be7 10. Re1 Qc7 11. Bd3 Rb8 12. Bg5 cxd4 13. Bxe7 Ngxe7 14. cxd4 Qb6 15.
Nc3 Nxd4 16. Nxd4 Qxd4 17. Nb5 Qf4 18. Nd6+ Kf8 19. Re3 f6 20. Qe2 f5 21. Rf3
Qh6 22. Rh3 Qg5 23. Rh5 Qf4 24. g3 Qd4 25. Rh4 Qc5 26. Qh5 Be8 27. Qf3 Ng6 28.
Rh5 Nxe5 29. Rxf5+ exf5 30. Qxf5+ Nf7 31. Ne4 Qe7 32. Nc3 Qe5 33. Qf3 Bc6 34.
Kf1 d4 35. Ne4 h5 36. h4 Rh6 37. Re1 Qd5 38. Qf4 Re8 39. f3 Bb5 40. Bxb5 Qxb5+
41. Kg2 Qxb2+ 42. Kh3 Qb3 43. Nc5 Qd5 44. Ne4 Qe6+ 45. Kg2 Qa2+ 46. Kh3 Rc6 47.
Rd1 Qe6+ 48. Kg2 Rc2+ 49. Kg1 Qa2 50. g4 Qxa3 51. Re1 d3 52. g5 Qc5+ 53. Kh1
Qe5 0-1

[Event "Wch Juvenil 2013 sub-14"]
[Site "Al-Ain UAE"]
[Date "2013.12.28"]
[Round "11.56"]
[White "Mohammad, Fahim"]
[Black "Kuruppu, Supun Dasantha"]
[Result "1-0"]
[WhiteElo "2059"]
[BlackElo "1692"]
[PlyCount "95"]
[EventDate "2013.12.19"]
[EventType "swiss"]
[EventRounds "11"]
[EventCountry "UAE"]
[Source "lmi"]
[SourceDate "2013.12.19"]

1. d4 Nf6 2. Nf3 g6 3. c4 Bg7 4. Nc3 O-O 5. e4 d6 6. Be2 e5 7. Be3 Nc6 8. d5
Ne7 9. Nd2 Ne8 10. b4 f5 11. f3 Nf6 12. c5 fxe4 13. fxe4 h6 14. Rc1 g5 15. Nc4
Ng6 16. g3 Bh3 17. Rg1 g4 18. Na5 b6 19. Nc6 Qe8 20. Qd3 Nh7 21. Qd2 Qf7 22.
cxd6 cxd6 23. Nb5 Ng5 24. Nxd6 Qf6 25. Bxg5 Qf2+ 26. Kd1 Qxg1+ 27. Kc2 Qxh2 28.
Be3 Nf4 29. gxf4 exf4 30. Ne7+ Kh7 31. e5 Qg3 32. Bd3+ Kh8 33. Ng6+ Kg8 34.
Bxf4 Rxf4 35. Qxf4 Qxf4 36. Nxf4 Bxe5 37. Nxh3 gxh3 38. Nf5 h2 39. Nxh6+ Kg7
40. Nf5+ Kf6 41. Rf1 Kg5 42. Be4 Rf8 43. Kd3 Bf4 44. Nd4 Kg4 45. Ne6 Rf7 46.
Rxf4+ Rxf4 47. Nxf4 Kxf4 48. d6 1-0

[Event "Wch Juvenil 2013 sub-14"]
[Site "Al-Ain UAE"]
[Date "2013.12.28"]
[Round "11.57"]
[White "Kenenbaev, Aidar"]
[Black "Nguyen, Dang Hong Phuc"]
[Result "0-1"]
[WhiteElo "1680"]
[BlackElo "1882"]
[PlyCount "76"]
[EventDate "2013.12.19"]
[EventType "swiss"]
[EventRounds "11"]
[EventCountry "UAE"]
[Source "lmi"]
[SourceDate "2013.12.19"]

1. e4 c5 2. f4 d5 3. exd5 Qxd5 4. Nc3 Qd8 5. Nf3 Nf6 6. Bc4 e6 7. O-O Be7 8.
Qe2 O-O 9. Ne5 Nbd7 10. d3 Nb6 11. Bb3 Nfd5 12. Ne4 f6 13. Nc4 Kh8 14. Bd2 Bd7
15. Nxb6 Qxb6 16. Kh1 Be8 17. Nc3 Nc7 18. Rae1 Bf7 19. Qf2 Qc6 20. f5 e5 21.
Bxf7 Rxf7 22. Qh4 Rg8 23. Rf3 g6 24. Qc4 Rff8 25. Qg4 gxf5 26. Qxf5 Ne6 27. Ne2
Rg6 28. Rg1 Rfg8 29. Rh3 Nd4 30. Nxd4 cxd4 31. Qh5 R6g7 32. c4 dxc3 33. Be3
cxb2 34. Qe2 Qb5 35. Bh6 Rxg2 36. Bg7+ R8xg7 37. Rxh7+ Kxh7 38. Qe4+ Kg8 0-1

[Event "Wch Juvenil 2013 sub-14"]
[Site "Al-Ain UAE"]
[Date "2013.12.28"]
[Round "11.58"]
[White "Nacer, Mohamed Arezki"]
[Black "Valkama, Arvo"]
[Result "0-1"]
[WhiteElo "1866"]
[BlackElo "1481"]
[PlyCount "102"]
[EventDate "2013.12.19"]
[EventType "swiss"]
[EventRounds "11"]
[EventCountry "UAE"]
[Source "lmi"]
[SourceDate "2013.12.19"]

1. e4 e6 2. d4 d5 3. e5 c5 4. c3 Nc6 5. Nf3 Bd7 6. Be2 cxd4 7. cxd4 Nge7 8. Nc3
Nf5 9. Be3 Bb4 10. a3 Bxc3+ 11. bxc3 Nxe3 12. fxe3 Na5 13. O-O O-O 14. Bd3 Rc8
15. Rc1 Qe7 16. Qe1 Nc4 17. Ra1 h6 18. Qc1 Rc7 19. Bxc4 Rxc4 20. Nd2 Rc7 21.
Qb2 b6 22. Rfc1 Qg5 23. Nf1 Rfc8 24. a4 Qf5 25. Qd2 f6 26. exf6 Qxf6 27. Ng3
Qg6 28. Ne2 a6 29. Nf4 Qe8 30. a5 bxa5 31. Rxa5 Bb5 32. Nd3 Rc6 33. Nc5 e5 34.
Re1 Qf7 35. Ra2 Rf6 36. Raa1 e4 37. h3 Rf8 38. Ra2 Qc7 39. Qd1 Qg3 40. Ree2
Bxe2 41. Qxe2 Rf1+ 42. Qxf1 Rxf1+ 43. Kxf1 Qxe3 44. Rc2 a5 45. Rb2 Qxc3 46.
Rb8+ Kh7 47. Rb7 Qxd4 48. Nb3 Qc4+ 49. Kg1 a4 50. Nd2 Qc1+ 51. Nf1 a3 0-1

[Event "Wch Juvenil 2013 sub-14"]
[Site "Al-Ain UAE"]
[Date "2013.12.28"]
[Round "11.59"]
[White "Thilakarathne, G M S."]
[Black "Yu, Wenlu"]
[Result "0-1"]
[WhiteElo "1674"]
[BlackElo "1862"]
[PlyCount "94"]
[EventDate "2013.12.19"]
[EventType "swiss"]
[EventRounds "11"]
[EventCountry "UAE"]
[Source "lmi"]
[SourceDate "2013.12.19"]

1. e4 c5 2. Nf3 d6 3. d4 cxd4 4. Nxd4 Nf6 5. Nc3 a6 6. Bg5 Nbd7 7. f4 Qc7 8.
Qf3 b5 9. O-O-O Bb7 10. Bd3 g6 11. Rhe1 Bg7 12. Nd5 Nxd5 13. exd5 Bf6 14. h4
O-O 15. Nb3 e6 16. Be4 Rac8 17. Re2 Rfe8 18. Rdd2 Bg7 19. h5 exd5 20. Bxd5 Bxd5
21. Rxe8+ Rxe8 22. Qxd5 Nb6 23. Qf3 Nc4 24. Re2 Bxb2+ 25. Kb1 Rc8 26. Re7 Nd2+
27. Kxb2 Qxc2+ 28. Ka3 b4+ 29. Kxb4 Nxf3 30. gxf3 a5+ 31. Nxa5 Qc3+ 32. Ka4 Ra8
33. Re8+ Rxe8 34. Nb3 Ra8+ 35. Kb5 Rxa2 36. Bf6 Qxf6 37. hxg6 fxg6 38. f5 Qxf5+
39. Kc6 Qxf3+ 40. Kxd6 Qxb3 41. Ke7 Qd3 42. Kf6 Qf5+ 43. Ke7 Ra7+ 44. Kd6 Ra6+
45. Kc7 Qf7+ 46. Kb8 Re6 47. Kc8 Re8# 0-1

[Event "Wch Juvenil 2013 sub-14"]
[Site "Al-Ain UAE"]
[Date "2013.12.28"]
[Round "11.60"]
[White "Jamar, Vadim"]
[Black "Liao, Jo-Kai"]
[Result "0-1"]
[WhiteElo "1803"]
[BlackElo "1571"]
[PlyCount "192"]
[EventDate "2013.12.19"]
[EventType "swiss"]
[EventRounds "11"]
[EventCountry "UAE"]
[Source "lmi"]
[SourceDate "2013.12.19"]

1. e4 e5 2. Nf3 d5 3. Nxe5 Bd6 4. d4 dxe4 5. Bc4 Bxe5 6. Qh5 Qe7 7. Qxe5 Qxe5
8. dxe5 Nc6 9. Bf4 Nge7 10. e6 Bxe6 11. Bxe6 fxe6 12. Nc3 Nd5 13. Bg3 Nxc3 14.
bxc3 O-O-O 15. Ke2 Ne7 16. Be5 Rhg8 17. Rhd1 Rd5 18. Bd4 e5 19. Be3 Rgd8 20. g4
Rxd1 21. Rxd1 Rxd1 22. Kxd1 Nd5 23. Kd2 b6 24. a3 c5 25. c4 Nf4 26. a4 Kb7 27.
Ke1 Kc6 28. Bc1 Ne6 29. c3 Nf4 30. Ba3 Ne6 31. Ke2 Ng5 32. Ke3 Nf7 33. Kxe4
Nd6+ 34. Kxe5 Nxc4+ 35. Ke6 Nxa3 36. Kf7 Nc4 37. Kxg7 Ne5 38. h3 b5 39. f4 Nd7
40. axb5+ Kxb5 41. Kxh7 a5 42. g5 a4 43. g6 a3 44. g7 Nf6+ 45. Kg6 Ng8 46. Kf7
a2 47. Kxg8 a1=Q 48. Kh7 Qxc3 49. g8=Q Qxh3+ 50. Kg6 Qg4+ 51. Kh7 Qxf4 52. Qe8+
Kb4 53. Qe1+ Kc4 54. Qe2+ Kd5 55. Qd3+ Ke5 56. Qc3+ Qd4 57. Qg3+ Kd5 58. Qg8+
Ke4 59. Qg6+ Ke3 60. Qg5+ Kd3 61. Qg3+ Kc4 62. Qb8 Kc3 63. Kh6 c4 64. Qg3+ Qd3
65. Qe5+ Kc2 66. Qa1 Qb3 67. Qe1 c3 68. Qf2+ Kc1 69. Qe1+ Kb2 70. Qe5 Qc2 71.
Qb5+ Kc1 72. Kg7 Qg2+ 73. Kf8 c2 74. Qb4 Qf3+ 75. Kg8 Qe3 76. Qa5 Qb3+ 77. Kf8
Kb2 78. Qe5+ Ka2 79. Qe2 Qb8+ 80. Kf7 Qb7+ 81. Kf8 Qc8+ 82. Ke7 Qc7+ 83. Kf8
Qc5+ 84. Ke8 Kb1 85. Qe4 Qc8+ 86. Ke7 Qc7+ 87. Ke8 Qb8+ 88. Ke7 Qb6 89. Kd7
Qb5+ 90. Kd8 Kb2 91. Qg2 Qd3+ 92. Ke8 Qe3+ 93. Kd8 Qd4+ 94. Ke8 Qh8+ 95. Ke7
Qh7+ 96. Ke8 Kb1 0-1

[Event "Wch Juvenil 2013 sub-14"]
[Site "Al-Ain UAE"]
[Date "2013.12.28"]
[Round "11.74"]
[White "Ho, Jei-Chen"]
[Black "Mouthuy, Jacky-Long"]
[Result "1-0"]
[WhiteElo "1694"]
[BlackElo "1388"]
[PlyCount "127"]
[EventDate "2013.12.19"]
[EventType "swiss"]
[EventRounds "11"]
[EventCountry "UAE"]
[Source "lmi"]
[SourceDate "2013.12.19"]

1. d4 d5 2. c4 e6 3. Nc3 Nf6 4. cxd5 exd5 5. Bg5 Be7 6. e3 O-O 7. Bd3 c6 8. Qc2
Nbd7 9. Nf3 Re8 10. O-O Nf8 11. Rab1 Ng6 12. b4 a6 13. a4 Ne4 14. Bxe7 Qxe7 15.
b5 axb5 16. axb5 Bg4 17. Bxe4 dxe4 18. Nd2 f5 19. bxc6 bxc6 20. Rbe1 Qg5 21. f4
exf3 22. Nxf3 Bxf3 23. Rxf3 f4 24. Ne4 Qf5 25. Qc4+ Kh8 26. Nd6 Qe6 27. Nf7+
Kg8 28. Qxe6 Rxe6 29. Ng5 Ree8 30. e4 Ra4 31. Rd3 c5 32. dxc5 h6 33. Nf3 Raxe4
34. Rc1 Rc8 35. c6 Re7 36. Rdc3 Rec7 37. h4 Ne7 38. Ne5 g5 39. h5 Kg7 40. Kf2
Kf6 41. Nd7+ Kf7 42. Kf3 Ke6 43. Re1+ Kf7 44. Ne5+ Kf6 45. Rd3 Nxc6 46. Rd6+
Kg7 47. Rg6+ Kh7 48. Ng4 Nd4+ 49. Kf2 Rc6 50. Re7+ Kh8 51. Nf6 Rc2+ 52. Kg1
Rc1+ 53. Kh2 Nf3+ 54. gxf3 R8c2+ 55. Kh3 Rh1+ 56. Kg4 Rh4+ 57. Kf5 Rc5+ 58. Ke6
Rc6+ 59. Kf7 Rxf6+ 60. Kxf6 Rxh5 61. Rgg7 Rh3 62. Rh7+ Kg8 63. Reg7+ Kf8 64.
Rh8# 1-0